[Event "Burgdorf op 19th"]
[Site "Burgdorf"]
[Date "2020.02.15"]
[Round "3"]
[White "Drechsler, Christoph"]
[Black "Moroni, Luca Jr"]
[Result "0-1"]
[WhiteElo "2159"]
[BlackElo "2536"]
[PlyCount "68"]
[EventDate "2020.02.14"]
[EventType "swiss"]
[EventRounds "5"]
[EventCountry "SUI"]
[SourceTitle "CBM 194 Extra"]
[Source "ChessBase"]
[SourceDate "2020.03.31"]
[SourceVersion "1"]
[SourceVersionDate "2020.03.31"]
[SourceQuality "1"]

1. Nf3 Nf6 2. d4 g6 3. Bg5 Bg7 4. Nbd2 d6 5. e4 h6 6. Bxf6 Bxf6 7. c3 0-0 8. Bc4 e6 9. a4 Bg7 10. Bb3 b6 11. 0-0 Bb7 12. Re1 Nd7 13. a5 b5 14. a6 Bc8 15. Qe2 Rb8 16. Bc2 c5 17. e5 cxd4 18. cxd4 Qb6 19. exd6 Qxd6 20. Bd3 Qb6 21. Nb3 Bxa6 22. Ra5 Bb7 23. Rxb5 Qd6 24. Rd1 a6 25. Rxb7 Rxb7 26. Na5 Rc7 27. Nc4 Qb4 28. Rb1 Rfc8 29. b3 Nb6 30. h4 Nd5 31. g3 Nc3 32. Qe1 Qb7 33. Qxc3 Qxf3 34. h5 Rc5 0-1

[Event "Zuerich Chess Challenge op 6th"]
[Site "Zuerich"]
[Date "2017.04.14"]
[Round "2"]
[White "Drechsler, Christoph"]
[Black "Hera, Imre Jr"]
[Result "0-1"]
[WhiteElo "2196"]
[BlackElo "2608"]
[PlyCount "72"]
[EventDate "2017.04.13"]
[EventType "swiss"]
[EventRounds "9"]
[EventCountry "SUI"]
[SourceTitle "CBM 177 Extra"]
[Source "ChessBase"]
[SourceDate "2017.04.27"]
[SourceVersion "1"]
[SourceVersionDate "2017.04.27"]
[SourceQuality "1"]

1. d4 Nf6 2. Nf3 g6 3. Bg5 Bg7 4. Nbd2 d6 5. e4 h6 6. Bh4 g5 7. Bg3 Nh5 8. c3 e6 9. Ng1 Nxg3 10. hxg3 Nd7 11. Qc2 Nb6 12. a4 a5 13. Bd3 Nd7 14. Ne2 b6 15. Bb5 Bb7 16. Nc4 d5 17. exd5 Bxd5 18. Ne3 Bb7 19. d5 exd5 20. Nf5 Qf6 21. Nxg7+ Qxg7 22. Bxd7+ Kxd7 23. Qf5+ Ke7 24. Nd4 c5 25. Nb5 Qg6 26. Qxg6 fxg6 27. 0-0-0 Kd7 28. Rde1 Bc6 29. Re5 Rae8 30. Rxe8 Kxe8 31. f4 gxf4 32. gxf4 Kf7 33. g4 Kg7 34. b3 h5 35. f5 h4 36. fxg6 Bxb5 0-1

[Event "Zuerich op 33rd"]
[Site "Zuerich"]
[Date "2009.12.28"]
[Round "4"]
[White "Drechsler, Christoph"]
[Black "Kurmann, Oliver"]
[Result "0-1"]
[WhiteElo "2193"]
[BlackElo "2428"]
[PlyCount "95"]
[EventDate "2009.12.26"]
[EventType "swiss"]
[EventRounds "7"]
[EventCountry "SUI"]
[SourceTitle "CBM 134 Extra"]
[Source "ChessBase"]
[SourceDate "2010.03.03"]
[SourceVersion "1"]
[SourceVersionDate "2010.03.03"]
[SourceQuality "1"]

1. d4 Nf6 2. Nf3 g6 3. Bg5 Bg7 4. Nbd2 0-0 5. c3 d6 6. e4 h6 7. Bh4 c5 8. dxc5 dxc5 9. Be2 Nc6 10. 0-0 g5 11. Bg3 Nh5 12. Nb3 Nxg3 13. hxg3 b6 14. Qc2 Bb7 15. Rad1 Qc7 16. Rfe1 Rad8 17. Nfd2 a6 18. a4 Nb8 19. Nf1 e6 20. Ne3 Bc6 21. Nd2 b5 22. axb5 axb5 23. Kh2 Nd7 24. Rh1 Nf6 25. Kg1 Qe5 26. Nf3 Rxd1+ 27. Qxd1 Qxe4 28. Nxg5 hxg5 29. Bf3 Qa4 30. Qxa4 bxa4 31. Bxc6 Rb8 32. Nd1 a3 33. bxa3 Rb1 34. Bf3 Ra1 35. Kh2 Rxa3 36. c4 Nd7 37. Ne3 Rc3 38. Bc6 Ne5 39. Bb5 f5 40. Kh3 Nd3 41. Rf1 Nxf2+ 42. Rxf2 Rxe3 43. Kh2 g4 44. Kg1 Re1+ 45. Kh2 Bd4 46. Ra2 Bg1+ 47. Kh1 f4 48. Re2 0-1

[Event "Zuerich op 33rd"]
[Site "Zuerich"]
[Date "2009.12.27"]
[Round "2"]
[White "Drechsler, Christoph"]
[Black "Filipovic, Branko"]
[Result "1-0"]
[WhiteElo "2193"]
[BlackElo "2450"]
[PlyCount "91"]
[EventDate "2009.12.26"]
[EventType "swiss"]
[EventRounds "7"]
[EventCountry "SUI"]
[SourceTitle "CBM 134 Extra"]
[Source "ChessBase"]
[SourceDate "2010.03.03"]
[SourceVersion "1"]
[SourceVersionDate "2010.03.03"]
[SourceQuality "1"]

1. d4 e6 2. Nf3 c5 3. c3 Nf6 4. Nbd2 Nc6 5. e3 b6 6. Bd3 Bb7 7. 0-0 Be7 8. e4 d5 9. e5 Nd7 10. Re1 g5 11. g4 h5 12. h3 hxg4 13. hxg4 Qc7 14. Nf1 0-0-0 15. Ng3 Rdg8 16. a3 Rh4 17. Nxh4 gxh4 18. Nh5 cxd4 19. cxd4 Nxd4 20. Bf4 Nc6 21. Rc1 Bg5 22. Bxg5 Rxg5 23. f4 Rg8 24. b4 b5 25. Qd2 Kb8 26. g5 Rh8 27. Kh2 Qb6 28. Nf6 Nxf6 29. exf6 a6 30. Rc5 Qc7 31. Qf2 Qd6 32. Rec1 Rc8 33. Kh3 Rc7 34. Kxh4 Rc8 35. Kg3 Ka8 36. Rxc6 Rxc6 37. Rxc6 Qxc6 38. Qc5 Qe8 39. g6 fxg6 40. Qe7 Bc6 41. Qxe8+ Bxe8 42. Kh4 Kb7 43. Kg5 d4 44. Kh6 Kc7 45. Kg7 Kd6 46. Kf8 1-0

[Event "Basel Hilton op 11th"]
[Site "Basel"]
[Date "2009.01.01"]
[Round "1"]
[White "Drechsler, Christoph"]
[Black "Hera, Imre Jr"]
[Result "0-1"]
[WhiteElo "2223"]
[BlackElo "2527"]
[PlyCount "74"]
[EventDate "2009.01.01"]
[EventType "swiss"]
[EventRounds "7"]
[EventCountry "SUI"]
[SourceTitle "CBM 128 Extra"]
[Source "ChessBase"]
[SourceDate "2009.03.05"]
[SourceVersion "2"]
[SourceVersionDate "2009.03.25"]
[SourceQuality "1"]

1. d4 Nf6 2. Nf3 g6 3. Bg5 Bg7 4. Nbd2 0-0 5. e3 d6 6. Bc4 Nbd7 7. 0-0 h6 8. Bh4 Qe8 9. c3 e5 10. b4 a5 11. b5 a4 12. Qc1 Kh8 13. Qa3 Nh5 14. dxe5 Nxe5 15. Be2 Nxf3+ 16. Nxf3 f5 17. Rfe1 g5 18. Bg3 Qg6 19. Kh1 f4 20. exf4 Nxf4 21. Bxf4 Rxf4 22. b6 c5 23. Rad1 Bd7 24. Bd3 Qf6 25. Be4 g4 26. Ng1 Qxc3 27. Qxc3 Bxc3 28. Ne2 Rxe4 29. Nxc3 Rxe1+ 30. Rxe1 Ra6 31. Nd5 Bc6 32. Nf6 Rxb6 33. Nxg4 h5 34. Ne3 Be4 35. f3 Rb1 36. Rxb1 Bxb1 37. a3 b5 0-1

[Event "Zuerich op-A 32nd"]
[Site "Zuerich"]
[Date "2008.12.30"]
[Round "7"]
[White "Fleischer, Eugen"]
[Black "Drechsler, Christoph"]
[Result "0-1"]
[WhiteElo "2030"]
[BlackElo "2178"]
[PlyCount "100"]
[EventDate "2008.12.26"]
[EventType "swiss"]
[EventRounds "7"]
[EventCountry "SUI"]
[SourceTitle "CBM 127 Extra"]
[Source "ChessBase"]
[SourceDate "2009.01.08"]
[SourceVersion "2"]
[SourceVersionDate "2009.01.28"]
[SourceQuality "1"]

1. Nf3 g6 2. c4 Bg7 3. g3 d6 4. Bg2 e5 5. Nc3 f5 6. d3 Nc6 7. Rb1 h6 8. Nd5 Nce7 9. Nd2 c6 10. Nxe7 Nxe7 11. b4 Be6 12. b5 Qd7 13. a4 Rc8 14. Bb2 0-0 15. 0-0 g5 16. Nb3 c5 17. Na5 Rb8 18. Ba3 Qc7 19. Qd2 Ng6 20. Rfc1 Qf7 21. Rf1 f4 22. Be4 h5 23. Nb3 Bh6 24. Qc2 Kg7 25. Nxc5 dxc5 26. Bxc5 Bh3 27. Bxa7 Ra8 28. Bc5 Rfc8 29. d4 Bxf1 30. Rxf1 Nf8 31. Bd5 Ne6 32. Bd6 exd4 33. Qe4 Re8 34. gxf4 Nxf4 35. Be5+ Rxe5 36. Qxe5+ Qf6 37. Qc7+ Kh8 38. Qxb7 Nxe2+ 39. Kh1 Rf8 40. a5 d3 41. Be4 Rf7 42. Qc8+ Bf8 43. Qh3 Nf4 44. Qc8 d2 45. b6 Qd4 46. Bc2 Qc3 47. Bd1 Qd3 48. Kg1 Nh3+ 49. Kg2 Qxf1+ 50. Kxf1 Rxf2# 0-1

[Event "Basel Hilton op 08th"]
[Site "Basel"]
[Date "2006.01.04"]
[Round "4"]
[White "Drechsler, Christoph"]
[Black "Jud, Marc"]
[Result "1-0"]
[WhiteElo "2242"]
[BlackElo "2069"]
[PlyCount "89"]
[EventDate "2006.01.01"]
[EventType "swiss"]
[EventRounds "7"]
[EventCountry "SUI"]
[SourceTitle "CBM 110 Extra"]
[Source "ChessBase"]
[SourceDate "2006.03.10"]
[SourceVersion "2"]
[SourceVersionDate "2006.03.10"]
[SourceQuality "1"]

1. d4 Nf6 2. Nf3 g6 3. Nbd2 Bg7 4. e4 d6 5. Bd3 0-0 6. 0-0 Nbd7 7. Re1 e5 8. c3 Nh5 9. Qc2 Nf4 10. Bf1 Nb6 11. a4 a5 12. b3 f5 13. dxe5 dxe5 14. Ba3 Re8 15. Rad1 Bd7 16. g3 Nh5 17. exf5 Bxf5 18. Ne4 Qc8 19. c4 Nf6 20. Nfg5 Nbd7 21. c5 h6 22. Qc4+ Kh8 23. Nxf6 Nxf6 24. Nf7+ Kh7 25. Nxe5 c6 26. f4 Nd5 27. Bg2 Be6 28. Qc2 Bf5 29. Qd2 Nf6 30. Nf7 Rxe1+ 31. Rxe1 Qd7 32. Nd6 Be6 33. Qe3 Bd5 34. Qe7 Qxe7 35. Rxe7 Bxb3 36. Bb2 Kh8 37. Be4 Nh5 38. Bxg7+ Nxg7 39. Bxg6 Bxa4 40. f5 Bc2 41. Nf7+ Kg8 42. Nxh6+ Kh8 43. Nf7+ Kg8 44. Nh6+ Kh8 45. f6 1-0

[Event "Baden VLS 0304"]
[Site "Baden"]
[Date "2004.05.02"]
[Round "9.1"]
[White "Drechsler, Christoph"]
[Black "Merkel, Markus"]
[Result "1-0"]
[WhiteElo "2175"]
[BlackElo "2111"]
[PlyCount "103"]
[EventDate "2003.10.19"]
[EventType "team-tourn"]
[EventRounds "9"]
[EventCountry "GER"]
[SourceTitle "EXT 2022"]
[Source "ChessBase"]
[SourceDate "2021.10.06"]
[SourceVersion "1"]
[SourceVersionDate "2021.10.06"]
[SourceQuality "1"]
[WhiteTeam "Konstanz II"]
[BlackTeam "Iffezheim"]
[WhiteTeamCountry "GER"]
[BlackTeamCountry "GER"]

1. d4 d5 2. Nf3 Nf6 3. e3 c6 4. c4 a6 5. Nbd2 Bf5 6. Be2 e6 7. Nh4 Bg6 8. 0-0 Bd6 9. b3 Ne4 10. Nhf3 Nc3 11. Qe1 Nd7 12. Bb2 Nxe2+ 13. Qxe2 Bh5 14. e4 0-0 15. h3 Re8 16. e5 Bb4 17. Qe3 Rc8 18. Bc3 Be7 19. c5 Nf8 20. b4 f5 21. a4 g5 22. Rfb1 g4 23. hxg4 fxg4 24. Nh2 Bg5 25. Qe2 Bg6 26. Rb2 h5 27. b5 axb5 28. axb5 Ra8 29. Rba2 Rxa2 30. Rxa2 Qd7 31. Ra7 Bc2 32. Ndf3 gxf3 33. Nxf3 Bg6 34. Nxg5 cxb5 35. Ra5 Nh7 36. Nh3 Rf8 37. Qxb5 Qxb5 38. Rxb5 Rf7 39. Rb6 Nf8 40. Ng5 Re7 41. Bb4 Rc7 42. c6 Rxc6 43. Rxc6 bxc6 44. Bxf8 Kxf8 45. Nxe6+ Ke7 46. Nf4 Be8 47. Kh2 Kf8 48. Kg3 Kg7 49. Kh4 Kh6 50. e6 Bg6 51. Nxg6 Kxg6 52. f4 1-0

[Event "Baden VLS 0304"]
[Site "Baden"]
[Date "2004.04.04"]
[Round "8.2"]
[White "Drechsler, Christoph"]
[Black "Wirth, Gotthard"]
[Result "1/2-1/2"]
[WhiteElo "2175"]
[BlackElo "2265"]
[PlyCount "101"]
[EventDate "2003.10.19"]
[EventType "team-tourn"]
[EventRounds "9"]
[EventCountry "GER"]
[SourceTitle "EXT 2022"]
[Source "ChessBase"]
[SourceDate "2021.10.06"]
[SourceVersion "1"]
[SourceVersionDate "2021.10.06"]
[SourceQuality "1"]
[WhiteTeam "Konstanz II"]
[BlackTeam "Offenburg"]
[WhiteTeamCountry "GER"]
[BlackTeamCountry "GER"]

1. d4 Nf6 2. Nf3 d5 3. e3 Bf5 4. c4 e6 5. Qb3 Qc8 6. Bd2 a5 7. cxd5 exd5 8. Nc3 c6 9. Rc1 Be7 10. Ne5 0-0 11. g4 Bxg4 12. Nxg4 Nxg4 13. Bh3 Bh4 14. Ke2 b6 15. Nxd5 Qa6+ 16. Kf3 Nxf2 17. Nc7 Qb7 18. Nxa8 c5+ 19. d5 Nd7 20. Bc3 Nxh3 21. Rhf1 f5 22. Kg2 Ng5 23. Rf4 a4 24. Qd1 Rxa8 25. Rxh4 b5 26. Qh5 Qxd5+ 27. e4 fxe4 28. Rd1 Qf5 29. Rxd7 Qxd7 30. Qxg5 b4 31. Be1 Qd3 32. Rf4 a3 33. b3 c4 34. Qf5 h6 35. Rxe4 Rf8 36. Qe6+ Kh8 37. Qxc4 Qb1 38. Qe2 Rc8 39. Bxb4 Rc2 40. Bd2 Rxd2 41. Re8+ Kh7 42. Qxd2 Qg6+ 43. Kf2 Qxe8 44. b4 Qe4 45. Qc3 Qf5+ 46. Kg3 Qg6+ 47. Kh3 Qe6+ 48. Kg3 Qxa2 49. b5 Qb1 50. Qxa3 Qxb5 51. h4 1/2-1/2

[Event "Baden Casino op 4th"]
[Site "Baden"]
[Date "1999.04.08"]
[Round "7"]
[White "Illijin, Neboisa"]
[Black "Drechsler, Christoph"]
[Result "1-0"]
[WhiteElo "2252"]
[BlackElo "2141"]
[PlyCount "151"]
[EventDate "1999.04.??"]
[EventType "swiss"]
[EventRounds "9"]
[EventCountry "SUI"]
[SourceTitle "EXT 2000"]
[Source "ChessBase"]
[SourceDate "1999.11.16"]
[SourceVersion "1"]
[SourceVersionDate "1999.11.16"]
[SourceQuality "1"]

1. e4 g6 2. d4 Bg7 3. Nc3 c6 4. Bc4 d6 5. Qf3 e6 6. Nge2 Nd7 7. Bf4 Qe7 8. Qg3 e5 9. Bg5 Ngf6 10. dxe5 dxe5 11. 0-0 h6 12. Be3 Nc5 13. f3 b5 14. Qf2 Nfd7 15. Bxb5 cxb5 16. Nxb5 Ne6 17. Nec3 0-0 18. Nd5 Qd8 19. Rfd1 Bb7 20. c3 f5 21. exf5 gxf5 22. Bxa7 Bxd5 23. Rxd5 Nc7 24. Bb6 Nxd5 25. Bxd8 Rfxd8 26. Qc2 Ne3 27. Qb3+ Kh7 28. Nc7 Rab8 29. Qf7 Nf8 30. Qe7 Rd7 31. Qc5 f4 32. Qc6 Rxb2 33. Kh1 Rdd2 34. Rg1 Nd1 35. h4 Nf2+ 36. Kh2 e4 37. Ne6 Nxe6 38. Qxe6 Rb8 39. Qf5+ Kh8 40. Qxf4 Rbd8 41. Rb1 exf3 42. Qxf3 Rf8 43. Qh5 Nd3 44. Rb6 Rxg2+ 45. Kh1 Nf4 46. Qb5 Rxa2 47. Rb8 Ra8 48. Rxf8+ Rxf8 49. c4 Rg8 50. Qd7 Ng6 51. c5 Ne5 52. Qe6 Nf3 53. c6 Nd4 54. Qxg8+ Kxg8 55. c7 Ne6 56. c8Q+ Nf8 57. Qe8 Kh7 58. h5 Kg8 59. Kg2 Bf6 60. Kf3 Bg5 61. Ke4 Kg7 62. Kd5 Kg8 63. Qe4 Kg7 64. Kd6 Bf6 65. Qb7+ Kg8 66. Qb3+ Kg7 67. Qa2 Bg5 68. Ke5 Bf6+ 69. Kf5 Bg5 70. Qc4 Nh7 71. Qd4+ Kg8 72. Qd5+ Kg7 73. Qe5+ Kg8 74. Qe6+ Kg7 75. Qg6+ Kh8 76. Qf7 1-0

[Event "Nagler Memorial op"]
[Site "Zuerich"]
[Date "1998.08.10"]
[Round "3"]
[White "Cladouras, Panagiotis"]
[Black "Drechsler, Christoph"]
[Result "1/2-1/2"]
[WhiteElo "2360"]
[BlackElo "2194"]
[PlyCount "143"]
[EventDate "1998.08.08"]
[EventType "swiss"]
[EventRounds "9"]
[EventCountry "SUI"]
[SourceTitle "EXT 2006"]
[Source "ChessBase"]
[SourceDate "2005.11.24"]
[SourceVersion "1"]
[SourceVersionDate "2005.11.24"]
[SourceQuality "1"]

1. e4 g6 2. d4 Bg7 3. Nf3 c6 4. Bd3 d5 5. e5 Nh6 6. 0-0 0-0 7. h3 f6 8. exf6 exf6 9. c3 Nf7 10. Bf4 Na6 11. Bxa6 bxa6 12. Nbd2 Re8 13. Nb3 Bf8 14. Re1 Rxe1+ 15. Nxe1 Qb6 16. Nd3 Bf5 17. Ndc5 Re8 18. g4 Bc8 19. Qd2 f5 20. f3 Nd6 21. Re1 Qd8 22. Nd3 Nc4 23. Rxe8 Qxe8 24. Qf2 fxg4 25. hxg4 Qf7 26. Qg3 Qe6 27. Kf2 g5 28. Bc1 Bd6 29. Qg1 Qh6 30. Nbc5 Qg6 31. b3 Bxc5 32. Nxc5 Nd6 33. Qe1 h6 34. Qe3 Qf7 35. Kg3 Nb5 36. a4 Nc7 37. Qe5 Ne6 38. Qb8 Qe8 39. Nd3 c5 40. Qd6 cxd4 41. cxd4 Qd8 42. Qe5 Qc7 43. Qxc7 Nxc7 44. Ba3 Ne6 45. Bc5 Nxc5 46. dxc5 Kf8 47. Nb4 d4 48. Nc6 d3 49. Kf2 Bb7 50. Nd4 Bd5 51. b4 Kf7 52. Ke3 Bc4 53. Nc6 Ke6 54. Nxa7 Bd5 55. b5 d2 56. Kxd2 Bxf3 57. b6 Kd7 58. c6+ Kd6 59. c7 Bxg4 60. c8Q Bxc8 61. Nxc8+ Kd7 62. Na7 a5 63. Ke3 h5 64. Kf3 h4 65. Kg4 Kd6 66. Nc8+ Kc6 67. Kh3 Kb7 68. Nd6+ Kxb6 69. Nc4+ Kc5 70. Nxa5 Kb4 71. Nc6+ Kxa4 72. Ne5 1/2-1/2

[Event "Baden Casino op 3rd"]
[Site "Baden"]
[Date "1998.??.??"]
[Round "5"]
[White "Jurek, Josef"]
[Black "Drechsler, Christoph"]
[Result "1-0"]
[WhiteElo "2395"]
[BlackElo "2180"]
[PlyCount "75"]
[EventDate "1998.04.10"]
[EventType "swiss"]
[EventRounds "9"]
[EventCountry "SUI"]
[SourceTitle "CBM 064 Extra"]
[Source "ChessBase"]
[SourceDate "1998.07.07"]
[SourceVersion "1"]
[SourceVersionDate "1998.07.07"]
[SourceQuality "1"]

1. d4 g6 2. Nf3 Bg7 3. c4 d6 4. g3 e5 5. dxe5 dxe5 6. Qxd8+ Kxd8 7. Nc3 f6 8. b3 c6 9. Ba3 Be6 10. 0-0-0+ Nd7 11. Ne4 Kc7 12. Bg2 Nh6 13. Bd6+ Kc8 14. Be7 Nf7 15. Nd6+ Kc7 16. Nxf7 Bxf7 17. Bh3 Be8 18. Rd2 f5 19. Rhd1 Bh6 20. e3 e4 21. Nd4 Nf8 22. Bxf5 c5 23. Ne6+ Nxe6 24. Bxe6 Kb6 25. Rd5 Bc6 26. Bxc5+ Ka6 27. R5d2 Rae8 28. Bf7 Rc8 29. b4 b6 30. Bd4 Rhf8 31. Be6 Rc7 32. Be5 Re7 33. b5+ Bxb5 34. cxb5+ Kxb5 35. Rb2+ Ka6 36. Bc4+ Kb7 37. Bd6 Bg7 38. Rc2 1-0